00260nam a2200109Ia 4500008004100000082001500041100001700056245003500073250000800108260002600116300000800142150301s2013 xx 000 0 und d a641.2bBAG aBAGCHI, S.N. aTB. OF FOOD & BEVERAGE SERVICE a3RD bAMAN PUB. DELHIc2013 a530